000 00255 a2200121 4500
001 142409
040 _cLeonardo Da Vinci
041 _aPortuguês
082 _av150
245 _aHISTÓRIA do século XX
697 _aHistória
_aSéculo XX
942 _cVM
999 _c142409
_d142409